Pays ayant l'arabe comme langue officielle - Statistiques

Statistiques générales
  • Ce quiz a été pris 576 fois
  • Le résultat moyen est 9 sur 23
Answers on the Grid
Answers color-coded by a green-red scale on the quiz's grid according to % correct below.
Algérie
Bahreïn
Tchad
Comores
Djibouti
Egypte
Irak
Jordanie
Koweit
Liban
Libye
Mauritanie
Maroc
Oman
Qatar
Arabie Saoudite
Somalie
Soudan
Syrie
Tunisie
Emirats Arabes Unis
Yémen
Afghanistan
Arménie
Azerbaidjan
Bangladesh
Brunei
Burkina Faso
Burundi
Cameroun
Cap-Vert
République Centrafricaine
Erythrée
Ethiopie
Gabon
Gambie
Géorgie
Inde
Iran
Madagascar
Malaisie
Mali
Maurice (de facto)
Pakistan
Rwanda
Seychelles
Singapour
Turquie
Soudan du Sud
Sri lanka
 
Statistiques - réponses
Réponse % Correct
Algérie
54%
Emirats Arabes Unis
51%
Qatar
51%
Maroc
49%
Tunisie
49%
Syrie
48%
Irak
47%
Arabie Saoudite
46%
Egypte
46%
Liban
46%
Libye
46%
Yémen
44%
Bahreïn
43%
Jordanie
43%
Koweit
43%
Oman
42%
Soudan
33%
Mauritanie
31%
Comores
25%
Somalie
25%
Djibouti
24%
Tchad
19%
Erythrée
8%
Aucun quiz correspondant
Distribution des résultats
% des personnes avec chaque résultat
Percentile par nombre de réponses
Votre historique - résultats
Vous n’avez pas pris ce quiz